| 000 | 00700nam a22001457a 4500 | ||
|---|---|---|---|
| 003 | OSt | ||
| 005 | 20151208144916.0 | ||
| 008 | 151205b xxu||||| |||| 00| 0 eng d | ||
| 040 | _cRUA | ||
| 082 | _aFIS UN 2003 B187 Or.1 | ||
| 100 |
_94344 _aUN, KANIKA. |
||
| 245 | _aPraticipation in community-based fisheries resource management in boueng chunlen reservior mukkompoul district kandal province, ការចូលរួមគ្រប់គ្រងធនធានជលផលជាលក្ខណៈសហគមន៍នៅអាងទឹកបឹងជន្លេន ស្រុកមុខកំពូល ខេត្តកណ្ដាល | ||
| 260 |
_aPhnom Penh _bRUA _c29cm. |
||
| 942 |
_2ddc _cFIS |
||
| 999 |
_c4054 _d4054 |
||